1452 1536 1706 1823 1908 1596 1841 1431 1161 1255 1974 1844 1848 1753 1084 1049 1899 1394 1676 1268 1413 1642 1228 1506 1005 1548 1156 1507 1684 1353 1000 1306 1989 1504 1918 1246 1636 1585 1962 1253 1852 1945 1192 1012 1712 1646 1768 1611 1653 1420 1887 1902 1555 1386 1577 1483 1440 1438 1881 1510 1817 1304 1108 1340 1029 1331 1427 1437 1719 1499 1462 1725 1410 1536 1614 1883 1201 1014 1101 1070 1115 1046 1634 1524 1306 1648 1004 1671 1535 1706 1252 1579 1776 1763 1948 1007 1234 1604 1537 BCNSPRNW ULIB Ver.6.0+V

เปลี่ยนเป็นภาษาไทย

Change to English
 แสดงรายละเอียดบรรณานุกรม
  กลับหน้าหลัก

Brief Record : Get Marc (ISO 2709) : E-mail record : QR code < ปิดหน้าต่าง
LEADER : 00000nam 2200000uu 4500
001    13399124284
003     ULIB
008    150217s2557||||th 000 0 tha d
020    ^a9789740333012
060  4 ^aWA20.5^bก725ก
100 0  ^aกุลวดี โรจน์ไพศาลกิจ
245 10 ^aการวิจัยบริการทางสุขภาพ. /^cกุลวดี โรจน์ไพศาลกิจ
250    ^aพิมพ์ครั้งที่ 1
260    ^aกรุงเทพฯ :^bสำนักพิมพ์แห่งจุฬาลงกรณ์มหาวิทยาลัย,^c2557
300    ^a332 หน้า;^c26 ซม.
650  7 ^aบริการทางสุขภาพ^xวิจัย
650  7 ^aวิจัย
945    ^p480^l0^i22846
945    ^p480^l0^i22847
999    ^aทศพร เกษรทอง
รายการนี้ยังไม่มีแท็ก
คุณยังไม่ได้ล็อกอิน คุณสามารถมีกิจกรรมร่วมกับเว็บไซต์ได้ แต่ต้องล็อกอินก่อน ::
  ล็อกอิน

รายการสื่อสารสนเทศ

ลำดับที่ ประเภท เลขเรียก/บาร์โค้ด สถานที่ สถานะ
1. วิทยาศาสตร์การแพทย์ และสุขภาพ
วิทยาศาสตร์การแพทย์ และสุขภาพ
สถานะ=หนังสือเก่า
WA20.5 ก725ก ฉ.1 
  Barcode: 22846
ห้องสมุดวิทยาเขตนครสวรรค์
►ส่วนจัดเก็บหนังสือเก่า นว.
บนชั้น
  ขอยืม
2. วิทยาศาสตร์การแพทย์ และสุขภาพ
วิทยาศาสตร์การแพทย์ และสุขภาพ
สถานะ=หนังสือเก่า
WA20.5 ก725ก ฉ.2 
  Barcode: 22847
ห้องสมุดวิทยาเขตนครสวรรค์
►ส่วนจัดเก็บหนังสือเก่า นว.
บนชั้น
  ขอยืม

รายการใกล้เคียง
    ผู้แต่ง [กุลวดี โรจน์ไพศาลกิจ]

    หัวเรื่อง [วิจัย]

BibComment


ยังไม่เคยถูกคอมเมนท์

คอมเมนท์ทรัพยากรรายการนี้
  คอมเมนท์: การวิจัยบริการทา..


 Copyright 2026. Bcnsprnw @Library